Music Quiz

Random Music or Lyrics Quiz
Score 0/20 Timer 10:00
0 Plays Today
% Correct
I get up in the evening, and I ain't got nothin' to say.
97.4%
Born down in a dead man town.
97.4%
The rangers had a homecoming in Harlem late last night.
95.9%
Lights out tonight, trouble in the heartland.
95.6%
Crazy Janey and her mission man.
91.5%
One soft infested summer me and Terry became friends.
90%
I stood stone like at midnight.
89.6%
You and me, we were the pretenders.
88.5%
Spread out now, Rosie daughter done cut loose her mother's reigns.
87.8%
I've been working real hard, trying to get my hands clean.
87.4%
% Correct
Put on your best dress baby.
85.6%
Your mama's yappin' in the back seat.
82.6%
Well it's Saturday night, you're all dressed up in blue.
77%
I hold you in my arms as the band plays.
77%
Well my soul checked out missing as I sat listening.
76.3%
My name is Joe Roberts I work for the state.
74.4%
I bought a bourgeois house in the Hollywood hills.
73.3%
Spanish Johnny drove in from the underworld last night.
67.4%
Last night I dreamed that I was a child out where the pines grow wild and tall.
47%
I'm standing in the back yard, listening to the party inside.
45.2%

You're not logged in!

Compare scores with friends on all Sporcle quizzes.
OR
Log In

Sporcle TV

Today on Sporcle TV


Watch our educational content, quiz creation guides, and fun videos on Sporcle TV.

Show Comments

Extras

Top Quizzes Today


Score Distribution

Paid Content

Your Account Isn't Verified!

In order to create a playlist on Sporcle, you need to verify the email address you used during registration. Go to your Sporcle Settings to finish the process.

Report this User

Report this user for behavior that violates our Community Guidelines.

Details: